| 000 | 01643nam a22003614a 4500 | ||
|---|---|---|---|
| 001 | ebr10246272 | ||
| 003 | CaPaEBR | ||
| 006 | m u | ||
| 007 | cr cn||||||||| | ||
| 008 | 071017s2008 ohu sb s001 0 eng | ||
| 010 | _z 2007043074 | ||
| 020 | _z9780804011044 (hc : alk. paper) | ||
| 020 | _z0804011044 (hc : alk. paper) | ||
| 020 | _z9780804011051 (pb : alk. paper) | ||
| 020 | _z0804011052 (pb : alk. paper) | ||
| 040 |
_aCaPaEBR _cCaPaEBR |
||
| 035 | _a(OCoLC)471128811 | ||
| 050 | 1 | 4 |
_aBH301.E8 _bF46 2008eb |
| 082 | 0 | 4 |
_a701/.17 _222 |
| 100 | 1 | _aFenner, David E. W. | |
| 245 | 1 | 0 |
_aArt in context _h[electronic resource] : _bunderstanding aesthetic value / _cDavid E.W. Fenner. |
| 260 |
_aAthens : _bSwallow Press/Ohio University Press, _cc2008. |
||
| 300 | _axviii, 350 p. | ||
| 504 | _aIncludes bibliographical references (p. 331-343) and index. | ||
| 505 | 0 | _aA theory of "the aesthetic" -- The value of art -- Disinterest theory and formalist theory -- Contextualist theory -- Issues of definition -- Issues concerning the power of art -- Issues of meaningfulness -- Science and contextualist aesthetics -- A review of the arguments and evidence. | |
| 533 |
_aElectronic reproduction. _bPalo Alto, Calif. : _cebrary, _d2013. _nAvailable via World Wide Web. _nAccess may be limited to ebrary affiliated libraries. |
||
| 650 | 0 | _aAesthetics. | |
| 650 | 0 | _aExperience. | |
| 650 | 0 |
_aArt _xPhilosophy. |
|
| 655 | 7 |
_aElectronic books. _2local |
|
| 710 | 2 | _aebrary, Inc. | |
| 856 | 4 | 0 |
_uhttp://site.ebrary.com/lib/rucke/Doc?id=10246272 _zAn electronic book accessible through the World Wide Web; click to view |
| 999 |
_c36146 _d36146 |
||